AO MANUAL OF FRACTURE MANAGEMENT HAND & WRIST (WITH CD) (Record no. 799157)

MARC details
000 -LEADER
fixed length control field 00397pam a2200145 a 4500
020 ## - INTERNATIONAL STANDARD BOOK NUMBER
International Standard Book Number 3131276118
Terms of availability
041 ## - LANGUAGE CODE
Language code of original
082 ## - DEWEY DECIMAL CLASSIFICATION NUMBER
Classification number 617.3
Item number JUP
100 ## - MAIN ENTRY--PERSONAL NAME
Personal name LABENHOFFER P., STAUBLI A.E., JAKOB R.P.
245 ## - TITLE STATEMENT
Title AO MANUAL OF FRACTURE MANAGEMENT HAND & WRIST (WITH CD)
Medium Textual Documents
260 ## - PUBLICATION, DISTRIBUTION, ETC.
Place of publication, distribution, etc. [s.l]:
Name of publisher, distributor, etc. THIEME,
Date of publication, distribution, etc. 2005.
300 ## - PHYSICAL DESCRIPTION
Extent 345:
Other physical details XVI;
Dimensions HB+
Accompanying material CD.
650 ## - SUBJECT ADDED ENTRY--TOPICAL TERM
Topical term or geographic name entry element ORTHO
930 ## - EQUIVALENCE OR CROSS-REFERENCE-UNIFORM TITLE HEADING [LOCAL, CANADA]
Uniform title 4629
Holdings
Withdrawn status Lost status Damaged status Not for loan Collection Home library Current library Date acquired Source of acquisition Cost, normal purchase price Total Checkouts Full call number Barcode Date last seen Copy number Price effective from Koha item type
          Medical College & Hospital, Sangli Medical College & Hospital, Sangli 22/07/2011 B.M.S.G.B.PUNE 18005.00   617.3 JUP MCS-9523 26/07/2023 1 26/07/2023 Book